000 00851nam a2200265 a 4500
001 8883
003 BD-RjUL
005 20211208234654.0
008 140119r19651955stka 001 0 eng d
020 _a050013122 (hardback)
020 _a050013130 (paperback)
035 _a(BD-RjUL)8928
040 _aWSU
_dm/c
_dBD-RjUL
_beng
_cBD-RjUL
041 _aeng
082 0 0 _a531.1133
_bCOW 1965
_223
100 1 _aCoulson, C. A.
_q(Charles Alfred),
_d1910-1974.
_927614
245 1 0 _aWaves :
_ba mathematical account of the common types of wave motion /
_cby Charles A. Coulson
250 _a9th ed.
260 _aNew York :
_bInterscience,
_c1934 [reprinted 1965].
300 _axii, 359 p :
_bill ;
_c19 cm.
504 _aIncludes index.
650 0 _aWave-motion, Theory of
_927615
830 0 _aUniversity mathematical texts
_9150921
942 _2ddc
_cBK
999 _c8883
_d8883